[Event "49th ch-IND NatA"]
[Site "Aurangabad IND"]
[Date "2011.10.19"]
[Round "11"]
[White "Satyapragyan,S"]
[Black "Rathnakaran,K"]
[Result "1-0"]
[WhiteElo "2415"]
[BlackElo "2386"]

1.d4 Nf6 2.Bg5 e6 3.Nf3 Be7 4.Nbd2 d5 5.e3 O-O 6.Bd3 c5 7.c3 Nc6 8.O-O Nd7
9.Bf4 f5 10.h3 c4 11.Bc2 b5 12.b3 g5 13.Bh2 Ba3 14.bxc4 bxc4 15.Bxf5 exf5
16.Qa4 g4 17.Qxc6 Nb6 18.hxg4 fxg4 19.Ne5 Bb2 20.Rad1 Bxc3 21.Nb1 Bb4 22.Qh6 Qf6
23.Qh5 Qf5 24.Qxf5 Bxf5 25.Nc6 a5 26.a3 Rf6 27.axb4 Rxc6 28.b5 Rcc8 29.Nc3 Bd3
30.Rfe1 a4 31.Rd2 a3 32.Ra2 Na4 33.Nxd5 Rd8 34.b6 Nxb6 35.Nxb6 Ra7 36.Rc1 Rb7
37.Rxa3 Rxb6 38.Bc7 Rb3 39.Rxb3 cxb3 40.Bxd8 b2 41.Re1 Kf7 42.Kh2 b1=Q 43.Rxb1 Bxb1
44.Kg3 Be4 45.f3 gxf3 46.gxf3 Bc2 47.e4 Bd1 48.f4 Ke8 49.Bh4 Kd7 50.f5 Kd6
51.Kf4 Bc2 52.Be1 h5 53.Bb4+ Kd7 54.e5 Kc6 55.Be1 Kd5 56.Bf2 Bd3 57.Kg5 h4
58.f6 Ke6 59.d5+  1-0

[Event "Chigorin Memorial Open"]
[Site "St Petersburg RUS"]
[Date "2011.10.19"]
[Round "6.55"]
[White "Tkachev,I"]
[Black "Egorov,D1"]
[Result "1/2-1/2"]
[WhiteElo "2074"]
[BlackElo "2353"]

1.d4 Nf6 2.Bg5 e6 3.Nc3 d5 4.f3 c5 5.e3 Nc6 6.Bb5 Qb6 7.Nge2 Bd7 8.O-O a6
9.Ba4 Bd6 10.Kh1 Qc7 11.Bxc6 bxc6 12.Na4 cxd4 13.exd4 Nh5 14.g3 h6 15.Be3 O-O
16.f4 Nf6 17.Nc1 Ne4 18.Nd3 a5 19.Nac5 Nxc5 20.dxc5 Be7 21.Bd4 Rae8 22.Ne5 f6
23.Ng6 Rf7 24.Qh5 Qa7 25.Nh8 Rff8 26.Ng6 Rf7 27.Nh8 Rff8 28.Ng6 Rf7 29.Nh8 Rff8
30.Ng6 Rf7  1/2-1/2

[Event "Chigorin Memorial Open"]
[Site "St Petersburg RUS"]
[Date "2011.10.22"]
[Round "9.43"]
[White "Smirnov,Arte"]
[Black "Vladimirov,Iva"]
[Result "1/2-1/2"]
[WhiteElo "2444"]
[BlackElo "2310"]

1.d4 Nf6 2.Bg5 e6 3.Nd2 c5 4.e3 Nc6 5.Ngf3 b6 6.c3 Be7 7.Bd3 Bb7 8.O-O O-O
9.a3 d6 10.e4 Nh5 11.Be3 f5 12.exf5 exf5 13.Ne1 Qe8 14.Be2 Nf6 15.Bf3 Kh8
16.Nd3 cxd4 17.Bxd4 Ne4 18.Be3 d5 19.Re1 g5 20.Nb3 g4 21.Be2 Bd6 22.Bf4 Rd8
23.Bf1 Qh5 24.Qc1 Rf6 25.Bxd6 Rfxd6 26.Nf4 Qh6 27.Nd3 Qh4 28.g3 Qf6 29.Bg2 d4
30.Nxd4 Nxd4 31.cxd4 Qxd4 32.Bxe4 Bxe4 33.Nf4 Rc6 34.Qd1 Qf6 35.Qa4 Qh6 36.h4 gxh3
37.Kh2 Rcd6 38.Rad1 Qf6 39.Rxd6 Qxd6 40.Rxe4 fxe4 41.Qxe4 Qd4 42.Qe2 Rf8
43.Kxh3 Rxf4 44.gxf4  1/2-1/2

[Event "33rd Arco Open"]
[Site "Arco ITA"]
[Date "2011.10.23"]
[Round "2"]
[White "Del Nevo,C"]
[Black "Pistone,S"]
[Result "1-0"]
[WhiteElo "1831"]
[BlackElo "1671"]

1.d4 Nf6 2.Bg5 e6 3.Nf3 Be7 4.Bxf6 Bxf6 5.e3 d5 6.c3 Nd7 7.Bd3 e5 8.dxe5 Nxe5
9.Nxe5 Bxe5 10.Qc2 g6 11.Nd2 c5 12.O-O-O Bd7 13.f4 Bg7 14.h3 c4 15.Be2 Qb6
16.Nf3 Qxe3+ 17.Qd2 Qxd2+ 18.Rxd2 Be6 19.Ng5 Ke7 20.Re1 b5 21.Bg4 h5 22.Bxe6 fxe6
23.Rxe6+ Kf8 24.Rxd5 Rh6 25.Rxb5  1-0

[Event "TCh-BEL 2011-12"]
[Site "Belgium BEL"]
[Date "2011.10.23"]
[Round "2.8"]
[White "Vanstreels,L"]
[Black "Tuncer,U"]
[Result "1/2-1/2"]
[WhiteElo "2038"]
[BlackElo "2284"]

1.d4 Nf6 2.Bg5 e6 3.e4 h6 4.Bxf6 Qxf6 5.Nf3 d6 6.Nc3 Nd7 7.Qd2 a6 8.O-O-O Qd8
9.h4 c5 10.d5 e5 11.g4 b5 12.g5 Nb6 13.Qe3 Rb8 14.g6 f6 15.Nb1 Be7 16.c4 Nxc4
17.Bxc4 bxc4 18.Nfd2 Qa5 19.Na3 c3 20.Qxc3 Qxc3+ 21.bxc3 f5 22.f3 O-O 23.Rdf1 Bd7
24.Kc2 Be8 25.h5 Ba4+ 26.Nb3 Rb7 27.Nc4 Bb5 28.Nbd2 Rd7 29.Ra1 Bg5 30.a4 Bxc4
31.Nxc4 fxe4 32.fxe4 Rf2+ 33.Kd3 Rf3+ 34.Kc2 Rf2+ 35.Kd3 Rf3+ 36.Kc2 Rf2+  1/2-1/2

[Event "Corsica Masters 2011"]
[Site "Bastia FRA"]
[Date "2011.10.26"]
[Round "6.5"]
[White "Saada,J"]
[Black "Melkumyan,H"]
[Result "0-1"]
[WhiteElo "2313"]
[BlackElo "2619"]

1.d4 Nf6 2.Bg5 e6 3.e4 h6 4.Bxf6 Qxf6 5.c3 e5 6.Bd3 Nc6 7.Ne2 exd4 8.O-O Bc5
9.Bb5 O-O 10.Bxc6 dxc6 11.cxd4 Rd8 12.e5 Qh4 13.dxc5 Rxd1 14.Rxd1 Bg4 15.f3 Be6  0-1

[Event "33rd Arco Open"]
[Site "Arco ITA"]
[Date "2011.10.27"]
[Round "6"]
[White "De Santis,A"]
[Black "Knitl,A"]
[Result "1/2-1/2"]
[WhiteElo "2307"]
[BlackElo "2188"]

1.d4 Nf6 2.Bg5 e6 3.e3 h6 4.Bh4 b6 5.Nd2 Bb7 6.Ngf3 d6 7.h3 Be7 8.Bd3 Nh5
9.Bxe7 Qxe7 10.c3 Nd7 11.a4 e5 12.Nxe5 Nxe5 13.dxe5 Qxe5 14.Bb5+ Kf8 15.Nf3 Qe7
16.O-O Nf6 17.a5 g6 18.a6 Bxf3 19.Qxf3 Kg7 20.Bc6 Rad8 21.Ra4 d5 22.Rd4 Qe6
23.Bb7 Rd6 24.Rfd1 Rhd8 25.Qe2 Ne4 26.c4 Nf6 27.cxd5 Nxd5 28.Bxd5  1/2-1/2

[Event "29th Muensterland Open"]
[Site "Senden GER"]
[Date "2011.10.27"]
[Round "8.7"]
[White "Boehm,Ju2"]
[Black "Rueberg,J"]
[Result "1/2-1/2"]
[WhiteElo "2218"]
[BlackElo "2162"]

1.d4 Nf6 2.Bg5 e6 3.e4 h6 4.Bxf6 Qxf6 5.Nc3 d6 6.Qd2 c6 7.f4 g5 8.f5 exf5
9.O-O-O Bg7 10.Bd3 f4 11.Nf3 Bg4 12.e5 dxe5 13.dxe5 Qe7 14.Ne4 Bxf3 15.Nf6+ Kf8
16.gxf3 Nd7 17.Nxd7+ Qxd7 18.Rhe1 Re8 19.Qb4+ Qe7 20.Qb3 Bxe5 21.Re2 Kg7
22.Rde1 f6  1/2-1/2

[Event "33rd Arco Open"]
[Site "Arco ITA"]
[Date "2011.10.29"]
[Round "8"]
[White "Iacchetti,G"]
[Black "Aigner,Geo"]
[Result "0-1"]
[WhiteElo "1814"]
[BlackElo "1988"]

1.d4 Nf6 2.Bg5 e6 3.Nd2 d5 4.Ngf3 h6 5.Bh4 Be7 6.e3 Ne4 7.Bxe7 Qxe7 8.a3 O-O
9.c4 Nd7 10.b4 c6 11.Bd3 f5 12.O-O e5 13.cxd5 cxd5 14.Rc1 Nxd2 15.Nxd2 e4
16.Bb1 Nf6 17.Rc3 Bd7 18.Qc2 Rac8 19.Rc1 Rxc3 20.Qxc3 Rc8 21.Qb2 Qd6 22.Rxc8+ Bxc8
23.f4 exf3 24.Nxf3 Ng4 25.Qc3 Qe6 26.Ne5 Nxe5 27.dxe5 Qc6 28.Qxc6 bxc6 29.Kf2 Kf7
30.Kf3 Ke6 31.h4 Kxe5 32.Bd3 Bd7 33.g3 g5 34.hxg5 hxg5 35.a4 d4 36.Bc4 Be8
37.Bd3 Bh5+ 38.Kf2 Bd1 39.a5 dxe3+ 40.Kxe3 f4+ 41.gxf4+ gxf4+ 42.Kf2 Kd4
43.Bf1 Ba4 44.Kf3 Kc3 45.Kxf4 Kxb4 46.a6 Bb5 47.Bg2 c5 48.Bb7 c4 49.Ke3 Kb3
50.Kd2 Kb2 51.Kd1 c3  0-1

[Event "38th ch-IND w 2011"]
[Site "Chennai IND"]
[Date "2011.10.29"]
[Round "1"]
[White "Meenakshi,Sub"]
[Black "Harini,S"]
[Result "1-0"]
[WhiteElo "2297"]
[BlackElo "2055"]

1.d4 Nf6 2.Bg5 e6 3.e4 h6 4.Bxf6 Qxf6 5.Qd2 d5 6.e5 Qe7 7.f4 b6 8.Nf3 g6
9.Bd3 Ba6 10.Nc3 Qd7 11.O-O c5 12.Kh1 Bxd3 13.Qxd3 Nc6 14.Ne2 cxd4 15.Nfxd4 Nxd4
16.Nxd4 Bc5 17.Ne2 b5 18.Rad1 Qc6 19.c3 a6 20.Qf3 h5 21.Rd3 Rc8 22.Ng3 Qc7
23.Ne2 Qc6 24.Nd4 Bxd4 25.Rxd4 Qc7 26.Qe2 Qb7 27.Qf2 Qc7 28.a4 Rb8 29.Ra1 a5
30.Qe2 b4 31.cxb4 axb4 32.Qd2 Qa5 33.b3 O-O 34.f5 exf5 35.Rxd5 Rfd8 36.Rxd8+ Rxd8
37.Qe3 Re8 38.Re1 Qd5 39.h3 f4 40.Qxf4 Qxb3 41.a5 Qc3 42.Rf1 Qc7 43.Qxb4 Rxe5
44.Ra1 Qa7 45.a6 Re8 46.Qb7 Ra8 47.Rc1 Qb8 48.Rc7 Qe8 49.Re7 Qd8 50.Rd7 Qe8
51.Qd5 Kg7 52.a7 h4 53.Qd4+ Kg8 54.Kh2 Rc8 55.Qd5 Kg7 56.Qd4+ Kg8 57.Rb7 Qc6
58.Qd7 Qxd7 59.Rxd7 Kg7 60.Rb7 Ra8 61.Kg1 Kf6 62.Kf2 Ke6 63.Kf3 g5 64.Kg4 f6
65.Rb6+ Kf7 66.Ra6 Kg6 67.Kf3 Kf5 68.Ke3 Ke5 69.Ra5+ Ke6 70.Kd4 Kf7 71.Kd5 Kg6
72.Kc6 f5 73.Kb7 Rxa7+ 74.Rxa7 g4 75.Ra3 Kg5 76.Kc6 Kf4 77.Kd5 gxh3 78.Rxh3 Kg4
79.Ke5 f4 80.Rf3  1-0

[Event "TCh-NED Meesterklasse 2011-12"]
[Site "Netherlands NED"]
[Date "2011.10.29"]
[Round "2.8"]
[White "Clijsen,M"]
[Black "Paulet,I"]
[Result "0-1"]
[WhiteElo "2179"]
[BlackElo "2236"]

1.d4 Nf6 2.Bg5 e6 3.e3 c5 4.c3 cxd4 5.exd4 d6 6.Nd2 Nbd7 7.Ngf3 Be7 8.Bc4 O-O
9.O-O b6 10.Re1 Bb7 11.Qe2 Nh5 12.Be3 a6 13.Nf1 b5 14.Bb3 Nb6 15.Ng3 Nxg3
16.hxg3 Rc8 17.Nd2 Qc7 18.Rac1 Qc6 19.f3 Nc4 20.Nxc4 bxc4 21.Bc2 Bf6 22.Rcd1 Qb5
23.Bc1 g6 24.Be4 Bg7 25.Kf2 Rfe8 26.Bxb7 Qxb7 27.Qe4 d5 28.Qf4 Qb6 29.Kf1 f6
30.Re2 e5 31.Qe3 Qc6 32.Qd2 Rcd8 33.Rde1 a5 34.g4 Rf8 35.Kg1 Qb6 36.Kh1 a4
37.dxe5 fxe5 38.Qc2 Qc6 39.Bg5 Rd7 40.Bh4 Rdf7 41.Bg3 d4 42.Qe4 Qxe4 43.Rxe4 Rb7
44.Bxe5 Bxe5 45.Rxe5 d3 46.Rd5 Rxb2 47.Re4 Rxa2 48.Rxc4 a3 49.Rc7 Rf7 50.Rxf7 Kxf7
51.Rxd3 Rb2 52.Rd7+ Ke6 53.Ra7 a2 54.Kh2 Kd5 55.f4 Ke4 56.Kg3 Rc2 57.Ra4+ Kd3
58.f5 Kxc3 59.f6 Kb2 60.Kf4 Rxg2 61.Rb4+ Ka3 62.Rb7 a1=Q 63.Ra7+ Kb2 64.Rxa1 Kxa1
65.Ke5 Rxg4 66.f7 Rg5+  0-1

[Event "15th OIBM"]
[Site "Bad Wiessee GER"]
[Date "2011.10.30"]
[Round "2.45"]
[White "Schleich,T"]
[Black "Forchert,M"]
[Result "1-0"]
[WhiteElo "2109"]
[BlackElo "2420"]

1.d4 Nf6 2.Bg5 e6 3.Nc3 h6 4.Bxf6 Qxf6 5.Qd2 Bb4 6.a3 Ba5 7.e4 d6 8.f4 Bxc3
9.bxc3 e5 10.fxe5 Qh4+ 11.Kd1 dxe5 12.Nf3 Bg4 13.Be2 Bxf3 14.Bxf3 Nc6 15.Rb1 O-O-O
16.d5 Rhe8 17.Qe2 Ne7 18.Qb5 b6 19.Qa6+ Kb8 20.Ke2 f5 21.Rb4 Nc8 22.h3 Nd6
23.Ra4 Nc8 24.Rd1 g6 25.Kf1 Qf6 26.Kg1 Qd6 27.Kh1 Re7 28.Rc4 c5 29.dxc6 Qc7
30.Rb1 f4 31.a4 Re6 32.Qb5 Nd6 33.Qd5 Nxc4 34.Qxe6 Na5 35.c4 Qd6 36.Qd5 Kc7
37.Qf7+ Kxc6 38.Rd1 Qc7 39.Qxg6+ Kb7 40.Rd5 Nxc4 41.Qf6 Rd6 42.Qh8 Qe7 43.Bg4  1-0

[Event "World Youth U16 Ol"]
[Site "Kocaeli TUR"]
[Date "2011.10.30"]
[Round "9.5"]
[White "Walid,Anwar"]
[Black "Sengupta,Arjun"]
[Result "1-0"]
[WhiteElo "1833"]
[BlackElo "1566"]

1.d4 Nf6 2.Bg5 e6 3.e4 h6 4.Bxf6 Qxf6 5.Nc3 Bb4 6.Qd2 O-O 7.O-O-O Bxc3 8.Qxc3 Qxf2
9.Nf3 e5 10.Re1 c6 11.Re2 exd4 12.Qd3  1-0

[Event "Banicky kahanec 2011"]
[Site "Zajezova SVK"]
[Date "2011.10.31"]
[Round "9"]
[White "Cech,P"]
[Black "Markos,J"]
[Result "1/2-1/2"]
[WhiteElo "2369"]
[BlackElo "2596"]

1.d4 Nf6 2.Bg5 e6 3.e4 h6 4.Bxf6 Qxf6 5.Nc3 Bb4 6.e5 Qe7 7.Qd2 d6 8.a3 Ba5
9.O-O-O dxe5 10.dxe5 Nc6 11.f4 Bd7 12.Nf3 O-O-O 13.Qe3 Bb6 14.Qe4 Qc5 15.Kb1 Ne7
16.Nd4 Nd5 17.Nxd5 exd5 18.Qf3 Rhe8 19.c3 f6 20.exf6 gxf6 21.Bd3 Qd6 22.Nf5 Bxf5
23.Bxf5+ Kb8 24.Rhe1 c6 25.g3 Qf8 26.Bg6 Re7 27.Re2 Qg7 28.Bd3 d4 29.Rxe7 Qxe7
30.Bc2 dxc3 31.Rxd8+ Qxd8 32.Qxc3 Bd4 33.Qd3 a5 34.Bb3 Qb6 35.a4 Qb4 36.Qc4 Qd2
37.Qc2 Qe3 38.Ka2 h5 39.Bf7 h4 40.gxh4 Qxf4 41.h5 Kc7 42.Bg6 Be5 43.h3 Kd6
44.Qb3 Kc7 45.Qf7+ Kb6 46.Qb3+ Ka7 47.Qc2 Qe3 48.h6 Qxh6 49.Qc5+ Kb8 50.Qxa5  1/2-1/2

[Event "1st Panama Open"]
[Site "Panama City PAN"]
[Date "2011.11.04"]
[Round "3.14"]
[White "Corrales Jimenez,F"]
[Black "Quinones,Cen"]
[Result "1-0"]
[WhiteElo "2578"]
[BlackElo "2315"]

1.d4 Nf6 2.Bg5 e6 3.e4 h6 4.Bxf6 Qxf6 5.Qd2 g5 6.Nc3 Bg7 7.O-O-O d6 8.Nb5 Qe7
9.Qa5 b6 10.Qc3 Kd8 11.Qe3 a6 12.Nc3 Bb7 13.h4 Nc6 14.g3 g4 15.f4 gxf3 16.Nxf3 Kc8
17.d5 Ne5 18.Nd4 h5 19.Kb1 Ng4 20.Qe2 Be5 21.Bh3 Rg8 22.Rd3 Kd7 23.Rf1 Raf8
24.Rdd1 b5 25.Ncxb5 exd5 26.exd5 Bxd5 27.Nc3 Bb7 28.Rfe1 Re8 29.Qc4 c5 30.Nf5 Qf6
31.Ne4 Bxe4 32.Qxe4 Rb8 33.b3 Rb4 34.Qd5  1-0

[Event "TCh-CZE Liga1 Vychod"]
[Site "Czech Rep CZE"]
[Date "2011.11.13"]
[Round "3"]
[White "Vyskocil,N"]
[Black "Walek,M"]
[Result "1/2-1/2"]
[WhiteElo "2308"]
[BlackElo "2356"]

1.d4 Nf6 2.Bg5 e6 3.e4 h6 4.Bxf6 Qxf6 5.c3 Qd8 6.Bd3 d6 7.Ne2 c5 8.O-O Be7
9.Nd2 b6 10.f4 Nd7 11.Ng3 Bb7 12.Qe2 Bh4 13.Qg4 Bxg3 14.Qxg3 O-O 15.Nc4 cxd4
16.cxd4 Nf6 17.e5 dxe5 18.dxe5 Qd4+ 19.Kh1 Nh5 20.Qe3 Rad8 21.Rad1 Qxe3 22.Nxe3 g6
23.Kg1 Rd4 24.g3 Rfd8 25.Be2 Rxd1 26.Rxd1 Rxd1+ 27.Bxd1 Ng7 28.Kf2 Kf8 29.Bf3 Bxf3
30.Kxf3 Ke7 31.Ke4 Ne8 32.Kd4 h5 33.a4 Kd7 34.b4 Nc7 35.Nc4 Nd5 36.b5 Nc7
37.h3 Nd5 38.h4 Ne7 39.Ke4 Nf5 40.Kf3 Nd4+ 41.Ke3 Nf5+ 42.Kf2 Kc7 43.Nd2 Kd7
44.Ne4 Ke7 45.Kf3 Nd4+ 46.Kg2 Nf5 47.Kh3 Nh6 48.Nf6 Kd8 49.g4 hxg4+ 50.Nxg4 Nf5
51.Nf6 Ne3 52.Ne4 Ke7 53.Kg3 Nd5 54.Kf3 f5 55.exf6+ Nxf6 56.Ng5 Nd5 57.Ne4 Nf6
58.Ng5 Nd5 59.Ne4  1/2-1/2

[Event "TCh-CZE Liga 1 Zapad"]
[Site "Czech Rep CZE"]
[Date "2011.11.13"]
[Round "3.7"]
[White "Kucera,P3"]
[Black "Fiala,Jar"]
[Result "1/2-1/2"]
[WhiteElo "2158"]
[BlackElo "2235"]

1.d4 Nf6 2.Bg5 e6 3.e4 h6 4.Bxf6 Qxf6 5.Nf3 Qd8 6.Nbd2 d5 7.Bd3 Be7 8.c3 dxe4
9.Nxe4 Nd7 10.Qe2 O-O 11.O-O-O c5 12.Nxc5 Nxc5 13.dxc5 Qc7 14.Qe4 f5 15.Qc4 Bxc5
16.Nd4 Qf4+ 17.Kb1 Bxd4 18.Qxd4 Qxd4 19.cxd4 Rd8 20.Rhe1 Bd7 21.Bc4 Re8 22.Re5 Kh7
23.Rde1 Rad8 24.d5 exd5 25.Bxd5 Rxe5 26.Rxe5 b6 27.Kc2 Re8 28.Rxe8 Bxe8 29.Kc3 Kg6
30.Kd4 Kf6 31.f4 g5 32.g3 gxf4 33.gxf4 Bb5 34.Bb7 Be2 35.Bc8 Bf3 36.Kc4 Bc6
37.Kd4 Bf3 38.Bd7 Be4 39.Bc8  1/2-1/2

[Event "2nd Brno Open"]
[Site "Brno CZE"]
[Date "2011.11.14"]
[Round "3"]
[White "Vyskocil,N"]
[Black "Cip,D"]
[Result "1-0"]
[WhiteElo "2317"]
[BlackElo "2106"]

1.d4 Nf6 2.Bg5 e6 3.e4 h6 4.Bxf6 Qxf6 5.c3 d6 6.Bd3 g6 7.Ne2 Bg7 8.O-O O-O
9.Nd2 c5 10.f4 cxd4 11.cxd4 Nc6 12.Nf3 Qd8 13.Qb3 Qb6 14.Qxb6 axb6 15.a3 Bd7
16.Rac1 Rfc8 17.Bb5 d5 18.exd5 exd5 19.h3 Be6 20.Ne5 Na5 21.Rxc8+ Rxc8 22.Nc3 Nc6
23.Rd1 g5 24.f5 Nxd4 25.fxe6 Nxb5 26.exf7+ Kh7 27.Nxb5 Bxe5 28.Rxd5 Bxb2
29.Rd7 Kg7 30.Rxb7 Rc1+ 31.Kf2 Rc2+ 32.Kf3 Bxa3 33.Nd4 Rc3+ 34.Ke4 Kf6 35.Nb5  1-0

[Event "5th Mediterranean Open"]
[Site "Rijeka CRO"]
[Date "2011.11.14"]
[Round "4.15"]
[White "Brumen,D"]
[Black "Pregarac,V"]
[Result "1-0"]
[WhiteElo "2345"]
[BlackElo "2119"]

1.d4 Nf6 2.Bg5 e6 3.e3 c5 4.Nf3 h6 5.Bh4 b6 6.Nbd2 Bb7 7.Bd3 Be7 8.O-O O-O
9.c3 d6 10.e4 cxd4 11.cxd4 Nbd7 12.Qe2 Nh5 13.Bxe7 Qxe7 14.Qe3 e5 15.g3 Rfe8
16.Rfe1 Nhf6 17.d5 Kh7 18.b4 Nf8 19.a4 Ng6 20.a5 bxa5 21.Rxa5 Ng4 22.Qe2 Bc8
23.Rea1 Qc7 24.b5 Nf6 25.Nc4 Nd7 26.Qe3 Qb8 27.Bf1 Nc5 28.b6 a6 29.Nxd6 Qxd6
30.Qxc5 Rd8 31.Rb1 Bb7 32.Qxd6 Rxd6 33.Nd2 f6 34.Nc4 Rd7 35.Bh3 Rdd8 36.Rc5 Nf8
37.Na5  1-0

[Event "3rd Pilsen Open"]
[Site "Plzen CZE"]
[Date "2011.11.22"]
[Round "4"]
[White "Palek,M"]
[Black "Ernst,M"]
[Result "1/2-1/2"]
[WhiteElo "2259"]
[BlackElo "2164"]

1.d4 Nf6 2.Bg5 e6 3.e4 h6 4.Bxf6 Qxf6 5.Nf3 d5 6.Nbd2 c5 7.c3 Nc6 8.exd5 exd5
9.dxc5 Bxc5 10.Bb5 O-O  1/2-1/2

[Event "45th ch-RSA 2011"]
[Site "Cape Town RSA"]
[Date "2011.11.27"]
[Round "2"]
[White "Hercules,B"]
[Black "Steel,H"]
[Result "0-1"]
[WhiteElo "2056"]
[BlackElo "2388"]

1.d4 Nf6 2.Bg5 e6 3.e4 h6 4.Bxf6 Qxf6 5.Nc3 Bb4 6.Qd2 d6 7.Bc4 O-O 8.Nge2 e5
9.a3 Bxc3 10.Qxc3 Nc6 11.d5 Ne7 12.f4 c6 13.O-O cxd5 14.fxe5 Qxe5 15.exd5 Bd7
16.Rae1 Nf5 17.Qxe5 dxe5 18.Kf2 Nd6 19.Ba2 Rac8 20.Rc1 b5 21.Rfe1 f5 22.Kg3 g5
23.Nc3 e4 24.Ne2 Kg7 25.a4 bxa4 26.c4 Nb7 27.Nd4 Nc5 28.Rc3 Kf6 29.b4 axb3
30.Nxb3 Ke5 31.Rd1 Ba4 32.Nxc5 Rxc5 33.Rb1 a5 34.Rb6 Rf6 35.Rb7 Kd4 36.Rc1 Rc8
37.Kf2 f4 38.h3 Rg8 39.Rcb1 h5 40.Rh7 Bc2  0-1

[Event "TCh-CZE Liga 1 Zapad"]
[Site "Czech Rep CZE"]
[Date "2011.11.27"]
[Round "4.7"]
[White "Prymula,R"]
[Black "Balacek,T"]
[Result "1-0"]
[WhiteElo "2255"]
[BlackElo "2245"]

1.d4 Nf6 2.Bg5 e6 3.Nf3 h6 4.Bxf6 Qxf6 5.e4 d6 6.Bd3 Nd7 7.c3 g6 8.Nbd2 Bg7
9.Qe2 O-O 10.O-O e5 11.h3 Qe7 12.Rad1 Nf6 13.dxe5 dxe5 14.g4 h5 15.Nh2 Nh7
16.Kg2 Ng5 17.Bc4 Ne6 18.Bxe6 Qxe6 19.b3 Bh6 20.Nc4 hxg4 21.hxg4 Bf4 22.Ne3 c6
23.Rh1 Qf6 24.Rd3 Kg7 25.Nhf1 Be6 26.Nd1 Qg5 27.f3 Rh8 28.Rxh8 Rxh8 29.Kg1 f5
30.Nde3 fxe4 31.fxe4 Rh4 32.Kf2 Bxg4 33.Nxg4 Rxg4 34.Rd7+ Kh6 35.Qf3 Qh5
36.Rxb7 Qh4+ 37.Ke2 a5 38.Rc7 Rg1 39.Rxc6 Bg5 40.Rc8 Bf4 41.Rh8+  1-0

[Event "TCh-AUT 2 Mitte 2011-12"]
[Site "Steyregg AUT"]
[Date "2011.12.03"]
[Round "5"]
[White "Ennsberger,U"]
[Black "Wukits,R"]
[Result "0-1"]
[WhiteElo "2373"]
[BlackElo "2281"]

1.d4 Nf6 2.Bg5 e6 3.e4 h6 4.Bxf6 Qxf6 5.Nc3 d6 6.Qd2 a6 7.O-O-O Nd7 8.f4 Qd8
9.Nf3 Be7 10.e5 d5 11.h4 b5 12.Rh3 Nb6 13.Qf2 b4 14.Nb1 Na4 15.h5 Bd7 16.Qg3 Bf8
17.Nh4 Qe7 18.b3 Nb6 19.Bd3 a5 20.Rf1 a4 21.Qg4 axb3 22.axb3 Ra2 23.Rg3 Nc8
24.f5 Qg5+ 25.Qxg5 hxg5 26.Rxg5 Be7 27.f6 gxf6 28.exf6 Bf8 29.Kd1 Nd6 30.Re5 Bb5
31.Bxb5+ Nxb5 32.Nf5 Kd7 33.Ng7 Nxd4 34.Rf4 Bd6 35.Rxd5 exd5 36.Rxd4 c6 37.g4 Be5
38.Rxb4 Ra1 39.Kc1 Bxf6 40.Rb7+ Kd6 41.Rxf7 Bc3 42.h6 Rxb1+  0-1

[Event "XVII Navalmoral Open"]
[Site "Navalmoral de la Mata ESP"]
[Date "2011.12.05"]
[Round "5"]
[White "Mirzoev,A"]
[Black "Aloma Vidal,R"]
[Result "1-0"]
[WhiteElo "2510"]
[BlackElo "2424"]

1.d4 Nf6 2.Bg5 e6 3.e4 h6 4.Bxf6 Qxf6 5.c3 d6 6.Nd2 c5 7.dxc5 dxc5 8.Ngf3 Nc6
9.Bb5 Bd7 10.Qe2 a6 11.Ba4 Ne5 12.Bxd7+ Nxd7 13.Nc4 b5 14.Ne3 Qf4 15.a4 Qxe4
16.axb5 axb5 17.Rxa8+ Qxa8 18.Qxb5 Qb8 19.Qa4 Bd6 20.O-O Ke7 21.Nc4 Bc7 22.b4 Qa8
23.Na5 Rc8 24.Ra1 cxb4 25.cxb4 Nb6 26.Qa3 Bd6 27.Qb2 Qe4 28.b5 Rc2 29.Qxg7 Ra2
30.Nc6+ Ke8 31.Rf1 Nd5 32.Nfe5 Qf5 33.Qg8+ Bf8 34.Nd7 Kxd7 35.Qxf8 Qf6 36.g3 Rd2
37.Nb8+ Kc7 38.Rc1+ Nc3 39.Na6+ Kd7 40.Nc5+ Kc7 41.Ne4  1-0

[Event "TCh-CZE Liga1 Vychod"]
[Site "Czech Rep CZE"]
[Date "2011.12.11"]
[Round "5"]
[White "Pavelka,J"]
[Black "Vanek,L"]
[Result "1/2-1/2"]
[WhiteElo "2259"]
[BlackElo "2199"]

1.d4 Nf6 2.Bg5 e6 3.Nd2 c5 4.e3 d5 5.Ngf3 Nc6 6.c3 Be7 7.Bd3 h6 8.Bh4 cxd4
9.cxd4 Qb6 10.O-O Qxb2 11.Qe2 Qa3 12.Rab1 O-O 13.Rb3 Qd6 14.Bb1 g6 15.Bg3 Qd8
16.Ne5 Qe8 17.Bf4 Kg7 18.Rc1 Nh5 19.Nxc6 Nxf4 20.exf4 bxc6 21.Nf3 Bd6 22.Ne5 Rb8
23.Rxc6 Rxb3 24.axb3 Qe7 25.Qc2 Bxe5 26.fxe5 Bb7 27.Rc7 Qxc7 28.Qxc7 Rc8
29.Qxc8 Bxc8 30.Kf1 Kf8 31.Ke2 Ke7 32.Bd3 Bd7 33.Ke3 Kd8 34.h4 a5 35.Kf4 a4
36.bxa4 Bxa4 37.Ke3 Kc7 38.Kd2 Kb6 39.Be2 Bb5 40.Bd1 Ka5 41.h5 Kb4 42.f4  1/2-1/2

[Event "Zuerich Weihnachtsopen Masters"]
[Site "Zuerich SUI"]
[Date "2011.12.26"]
[Round "1"]
[White "Borda,A"]
[Black "Turov,M"]
[Result "0-1"]
[WhiteElo "2157"]
[BlackElo "2645"]

1.d4 Nf6 2.Bg5 e6 3.e4 h6 4.Bxf6 Qxf6 5.Nf3 d6 6.Nbd2 Nd7 7.Bd3 e5 8.c3 g6
9.O-O Bg7 10.dxe5 dxe5 11.h3 O-O 12.Bc4 Qe7 13.Qe2 Nf6 14.Rfd1 Nh5 15.Nf1 Nf4
16.Qe1 Kh7 17.Ng3 Bd7 18.Ne2 Nh5 19.Bd5 f5 20.exf5 gxf5 21.Qd2 Rad8 22.Qc2 e4
23.Nh2 Bb5 24.c4 Ba6 25.g4 c6 26.Bxe4 Qxe4 27.Qxe4 fxe4 28.gxh5 Bxc4 29.Nc3 Bd3
30.Nf1 Bd4 31.Ne3 Bxe3 32.fxe3 Rf6 33.Kh2 Rf2+ 34.Kg3 Rdf8 35.Rg1 Rxb2 36.Kh4 Rc2
37.Nd1 Rc5 38.Nb2 Be2 39.Rac1 Rxh5+ 40.Kg3 Rf3+ 41.Kg2 Rg5+  0-1

[Event "1st St Leon-Rot Open"]
[Site "Sankt Leon-Rot GER"]
[Date "2011.12.27"]
[Round "1"]
[White "Vlajic,Andrej"]
[Black "Haas,F"]
[Result "0-1"]
[WhiteElo "1714"]
[BlackElo "2180"]

1.d4 Nf6 2.Bg5 e6 3.e4 h6 4.Bxf6 Qxf6 5.Nf3 g5 6.c3 Bg7 7.Bd3 d6 8.e5 Qe7
9.exd6 cxd6 10.O-O Bd7 11.Re1 Bc6 12.Be4 d5 13.Bc2 Nd7 14.Nbd2 g4 15.Ne5 Bxe5
16.dxe5 Qg5 17.Qe2 h5 18.Qe3 Qxe3 19.Rxe3 Ke7 20.Nb3 Ba4 21.Nd4 Bxc2 22.Nxc2 Rag8
23.Rd1 h4 24.Nd4 Rh5 25.Rde1 h3 26.g3 Nc5 27.Nb5 a6 28.Nd6 f6 29.b4 Nd7 30.Nxb7 fxe5
31.Nc5 Nxc5 32.bxc5 Rc8 33.Rxe5 Rxe5 34.Rxe5 Rxc5 35.f3 gxf3 36.Re3 Ra5  0-1

[Event "XLI Rilton Cup 2011-12"]
[Site "Stockholm SWE"]
[Date "2012.01.01"]
[Round "5"]
[White "Martynov,P2"]
[Black "Kwapinski,L"]
[Result "0-1"]
[WhiteElo "2211"]
[BlackElo "2051"]

1.d4 Nf6 2.Bg5 e6 3.e4 h6 4.Bxf6 Qxf6 5.Nf3 c5 6.Nc3 cxd4 7.e5 Qd8 8.Qxd4 Nc6
9.Qe4 Bb4 10.Bd3 Qa5 11.O-O Bxc3 12.bxc3 Qxc3 13.Rab1 Qa3 14.Nd2 d5 15.exd6 Qxd6
16.Nc4 Qd4 17.Qxd4 Nxd4 18.c3 Nc6 19.Nd6+ Kd7 20.Nxb7 Kc7 21.Nc5 Rb8 22.Rb3 Rd8
23.Be4 Na5 24.Rb4 f5 25.Bf3 e5 26.Rfb1 Rb6 27.Na4 Ra6 28.h3 e4 29.Be2 Rc6
30.Bb5 Rcd6 31.Nc5 Rd1+ 32.Rxd1 Rxd1+ 33.Kh2 Rd2 34.Kg1 Rxa2 35.Rd4 Nc6 36.Rd5 Ra5
37.c4 a6 38.Nb3 Ra3 39.Bxc6 Rxb3 40.Be8 Rb1+ 41.Kh2 f4 42.c5 a5 43.Re5 Rb4
44.Bg6 a4 45.Bxe4 a3 46.Bd5 Rd4 47.Bg8 Ba6 48.Re7+ Kc6 49.Re6+ Kb5 50.c6 Rc4
51.Bf7 Rxc6 52.Be8 Bb7 53.g3 a2 54.Re1 Kc5 55.Rc1+ Kd4 56.Bxc6 Bxc6 57.Ra1 Bd5
58.gxf4 Kc3 59.Kg3 Kb2 60.Rd1 Be4 61.Re1 Bb1 62.Re2+ Bc2 63.Re1 Bb1 64.Re2+ Kc3
65.Rxa2 Bxa2 66.f5 Kd4 67.Kf4 Bf7 68.f6 g6 69.h4 Kd5 70.f3 Ke6  0-1

[Event "Cracovia Open A"]
[Site "Krakow POL"]
[Date "2012.01.02"]
[Round "7.38"]
[White "Sielicki,T"]
[Black "Koykka,P"]
[Result "0-1"]
[WhiteElo "2027"]
[BlackElo "2238"]

1.d4 Nf6 2.Bg5 e6 3.e3 c5 4.c3 cxd4 5.exd4 Be7 6.Nf3 d6 7.Nbd2 Nbd7 8.Bd3 O-O
9.Qe2 b6 10.h4 Bb7 11.Ne4 Re8 12.O-O-O Bxe4 13.Bxe4 Nxe4 14.Qxe4 b5 15.Kb1 d5
16.Qd3 Qa5 17.Bxe7 Rxe7 18.Rh3 Nf6 19.Ne5 Rc7 20.f3 Rac8 21.Rc1 b4 22.c4 dxc4
23.Nxc4 Qa6 24.b3 Nd5 25.Rhh1 Nc3+ 26.Rxc3 bxc3 27.Qxc3 Qb5 28.Nd6 Qd7 29.Nc4 Qb5
30.Nd6 Qd7 31.Nc4 Qd5 32.Rd1 Qh5 33.Qb4 Qg6+ 34.Ka1 Qxg2 35.Rd2 Qxf3 36.Nd6 Qf1+
37.Kb2 Qc1+  0-1

[Event "5th Costa Viola Open A"]
[Site "Palmi ITA"]
[Date "2012.01.02"]
[Round "1"]
[White "Kukov,V"]
[Black "Familari,G"]
[Result "1-0"]
[WhiteElo "2414"]
[BlackElo "1967"]

1.d4 Nf6 2.Bg5 e6 3.e4 h6 4.Bxf6 Qxf6 5.c3 b6 6.Nd2 c5 7.e5 Qd8 8.Bd3 Bb7
9.Ngf3 cxd4 10.cxd4 d6 11.O-O Nc6 12.Rc1 Rc8 13.Qa4 Qd7 14.Bb5 a6 15.Bxa6 Bxa6
16.Qxa6 d5 17.Qxb6 Be7 18.Nb3 O-O 19.Rc3 Nb4 20.Rxc8 Rxc8 21.Nc5 Bxc5 22.dxc5 Nd3
23.b4 Qe8 24.Nd4 Nxe5 25.Qb5 Qxb5 26.Nxb5 Nc6 27.Nd6 Rb8 28.b5 Nd4 29.c6  1-0

[Event "XLI Rilton Cup 2011-12"]
[Site "Stockholm SWE"]
[Date "2012.01.02"]
[Round "6"]
[White "Eriksson,Jor"]
[Black "Cederstam-Barsk,Carl"]
[Result "0-1"]
[WhiteElo "2240"]
[BlackElo "2129"]

1.d4 Nf6 2.Bg5 e6 3.Nd2 h6 4.Bh4 Nc6 5.e3 d6 6.Ngf3 g5 7.Bg3 Bg7 8.h3 Qe7
9.Bb5 Bd7 10.Qe2 Nb4 11.Bxd7+ Qxd7 12.Qc4 a5 13.a3 b5 14.Qb3 a4 15.axb4 axb3
16.Rxa8+ Ke7 17.Rxh8 bxc2 18.O-O Bxh8 19.Rc1 Nd5 20.Rxc2 Nxb4 21.Rc3 Nd5
22.Rc1 f5 23.Nb3 f4 24.exf4 gxf4 25.Bh4+ Bf6 26.Bxf6+ Kxf6 27.g4 fxg3 28.fxg3 Qh7
29.Nbd2 Qd3 30.Rf1 Ke7 31.Rf2 Ne3 32.g4 Nd1 33.Rg2 Nxb2 34.Rg3 Nc4 35.Nf1 b4
36.g5 hxg5 37.Nxg5 Qxd4+ 38.Kg2 Ne5 39.Ne3 b3  0-1